Countries most similar to Kiribati - Statistics

General Stats
  • This quiz has been taken 19 times
    18 since last reset
  • The average score is 14 of 20
Answer Stats
Rank Country % Correct
7 Samoa
100%
6 Vanuatu
100%
3 Marshall Islands
94%
2 Nauru
94%
5 Solomon Islands
94%
8 Tonga
94%
1 Tuvalu
94%
4 Palau
88%
9 Fiji
81%
10 Micronesia
81%
15 Papua New Guinea
81%
11 Seychelles
63%
13 Comoros
56%
16 Maldives
56%
12 Mauritius
56%
17 East Timor
50%
18 Grenada
44%
20 St Lucia
44%
14 Madagascar
38%
19 St Kitts
38%
No matching quizzes found
Score Distribution
Percent of People with Each Score
Percentile by Number Answered
Your Score History
You have not taken this quiz since the last reset